| 000 | 00613nam a2200205 i 4500 | ||
|---|---|---|---|
| 001 | 39841 | ||
| 003 | ES-MaACL | ||
| 005 | 20230906160106.0 | ||
| 007 | t| | ||
| 008 | 030304s1958 sp ||||1| spa d | ||
| 100 | 1 |
_aCapanaga, Victorino. _934776 |
|
| 245 | 1 | 3 |
_aEl milagro de las lámparas / _cVictorino Capanaga. |
| 260 |
_aMadrid : _bEdit. Augustinas, _c1958 ( _fImp. Sagrado Corazón) |
||
| 300 |
_a373 p. ; _c20 cm. |
||
| 490 | 1 |
_aAugustinus ; _v3 |
|
| 650 | 4 |
_aMisiones- _vMeditaciones. _9154380 |
|
| 830 | 0 |
_aAugustinus ; _v3 _9229723 |
|
| 852 |
_aES-MaACL _jC-16286 _bR.44093 |
||
| 999 |
_c39841 _d39841 |
||